Word Ladder: An Accusation Quiz Stats

 Plays Quiz Updated Sep 12, 2017

Challenge
Share
Tweet
Embed
Score 0/20 Timer 02:00
0 Plays Today
Hint Word % Correct
Shut forciblySLAM
88.3%
'Come ____ or high water'HELL
81.1%
Hovel, ghettoSLUM
78.9%
Middle of the accusation: '... did it in the ____ ...'HALL
76.4%
Start of an accusation: 'Professor ____ ...'PLUM
73%
Ready to pickRIPE
64.8%
Washington Monument locale, The ____MALL
64.6%
'Kiss From A Rose' singerSEAL
60.7%
About half the world's populationMALE
59.4%
Denver elevationMILE
58.2%
Hint Word % Correct
Clothing line?SEAM
52.4%
HawkSELL
52.2%
End of the accusation: '... with the ____.'ROPE
51.5%
Sticky liquidGLUE
49.4%
Steam upRILE
44.8%
Where the accusation might be madeCLUE
39.3%
OverabundanceGLUT
29.9%
Utterly one-sided defeatROUT
26.1%
Toe woeGOUT
24.3%
Rakish womanizerROUÉ
18.6%

Today's Daily Dose

Missing Word
TV HA - HZ

Word Ladder
Nordic Capital

On This Day
January 19th II

You're not logged in!

Compare scores with friends on all Sporcle quizzes.
OR
Log In

You Might Also Like...

Show Comments

Extras

Top Quizzes Today


Score Distribution

Your Account Isn't Verified!

In order to create a playlist on Sporcle, you need to verify the email address you used during registration. Go to your Sporcle Settings to finish the process.

Report this User

Report this user for behavior that violates our Community Guidelines.

Details: